|
|
|
|
| LEADER |
00000nab a2200000 a 4500 |
| 001 |
vtls000906790 |
| 003 |
SK-MaSNL |
| 005 |
20260302172340.0 |
| 008 |
040720e20010601xo 0 slo |
| 035 |
|
|
|a KE15732
|
| 040 |
|
|
|a KEVKJB
|b slo
|c KEVKJB
|e AACR2
|
| 041 |
0 |
|
|a slo
|
| 044 |
|
|
|a xo
|c SK
|
| 080 |
|
|
|a 362.742.3
|2 1981
|
| 080 |
|
|
|a 362.85
|2 1981
|
| 100 |
1 |
|
|a Linhardová, Alžbeta
|4 aut
|9 327418
|
| 245 |
1 |
0 |
|a Dievčatá chránia ako oko v hlave, hormóny im pracujú naplno
|b Reedukačný ústav na Hornom Bankove sa snaží napraviť, čo ktosi pobabral
|
| 300 |
|
|
|b 8 obr.
|
| 610 |
2 |
7 |
|a Reedukačný domov pre deti a mládež Horný Bankov (Košice, Slovensko)
|2 KEVKJB
|9 878137
|
| 650 |
0 |
7 |
|a detské domovy
|2 KEVKJB
|9 69524
|
| 650 |
0 |
7 |
|a ústavy reedukačné
|2 KEVKJB
|9 878138
|
| 650 |
0 |
7 |
|a deti ťažkovychovateľné
|2 KEVKJB
|9 878139
|
| 650 |
0 |
7 |
|a výchova
|2 KEVKJB
|9 957
|
| 650 |
0 |
7 |
|a reportáže
|2 KEVKJB
|9 75670
|
| 651 |
|
7 |
|a Košice (Slovensko)
|2 KEVKJB
|9 18694
|
| 651 |
|
7 |
|a KE,
|2 KEVKJB
|9 877256
|
| 655 |
|
7 |
|a periodikum
|2 snkbucl
|9 29553
|
| 710 |
2 |
|
|a Reedukačný domov pre deti a mládež, Horný Bankov
|4 aut
|9 878140
|
| 773 |
0 |
8 |
|t Košický večer
|g Roč. 12
|g Roč. 33, 1.6.2001, s. 1,4
|
| 773 |
0 |
8 |
|i Príl.:
|t Magazín. - Roč. 6, č. 22 (2001)
|
| 852 |
|
|
|a ZVYKNI
|b KIS3GCP
|
| 999 |
|
|
|c 1398539
|d 1400469
|